Đặc trưng đại số và tích chập của các toán tử tích phân kiểu Fourier

Toán tử đại số. Tích chập của toán tử tích phân. Toán tử tích phân Fourier. Toán tử tích phân Cosine Fourier, Sine Fourier. Xây dựng biểu thức chập

Đã lưu trong:
Sonraí Bibleagrafaíochta
Príomhúdar: Phan, Đức Tuấn
Údair Eile: Phan, Đức Tuấn Th.S (Hướng dẫn)
Formáid: Leabhar
Teanga:Vietnamese
Foilsithe: Đại học Đà Nẵng Trường đại học Sư Phạm 2008
Sraith:Khóa luận tốt nghiệp Đại học. Chuyên ngành: Toán tin
Ábhair:
Clibeanna: Cuir Clib Leis
Gan Chlibeanna, Bí ar an gcéad duine leis an taifead seo a chlibeáil!
Thư viện lưu trữ: Mạng thư viện Đại học Đà Nẵng
LEADER 01467nam a2200349 4500
001 000011528
003 7779
005 20120206150221.0
008 120206s2008 viesd
041 |a vie 
072 |a Khóa luận tốt nghiệp 
082 |a 515  |b PH-T 
100 |a Phan, Đức Tuấn 
245 |a Đặc trưng đại số và tích chập của các toán tử tích phân kiểu Fourier  |c Phan, Đức Tuấn 
260 |a Đại học Đà Nẵng  |b Trường đại học Sư Phạm  |c 2008 
300 |a 59 tr.  |c 29 cm 
490 |a Khóa luận tốt nghiệp Đại học. Chuyên ngành: Toán tin 
500 |a Tham khảo tr.58 
520 |a Toán tử đại số. Tích chập của toán tử tích phân. Toán tử tích phân Fourier. Toán tử tích phân Cosine Fourier, Sine Fourier. Xây dựng biểu thức chập 
653 |a Khóa luận tốt nghiệp đại học 
653 |a Khoa Toán 
700 |a Phan, Đức Tuấn  |c Th.S  |e Hướng dẫn 
OWN |a LSP 
AVA |a UDN50  |b LSP  |d 515 PH-T  |e available  |t Error 5001 Not defined in file expand_doc_bib_avail.  |f 1  |g 0  |h N  |i 0  |k 1 
999 |a From the UDN01 
AVA |a UDN50  |b LSP  |d 515 PH-T  |e available  |t Error 5001 Not defined in file expand_doc_bib_avail.  |f 1  |g 0  |h N  |i 0  |k 1 
TYP |a Monograph 
TYP |a Printed language 
980 |a Mạng thư viện Đại học Đà Nẵng